000 00514nam a2200205Ia 4500
003 0100
008 130307s9999 xx 000 0 und d
040 _cARRUPELIB
050 _aB72.G68 2000
100 _aGottlieb, Anthony
245 4 _aThe dream of reason
245 _ba history of Western philosophy from the greeks to the Renaissance
260 _aNew York
260 _bW.W.Norton and co.
260 _c2000
300 _a468p.
300 _b23cm
650 _bClergy--Religious life
942 0 0 _01
999 _c99114
_d99114